| 000 | 00617nam a2200229 a 4500 | ||
|---|---|---|---|
| 008 | |||
| 020 | _a8189757202 (pbk.) | ||
| 049 | _aMAIN | ||
| 090 |
_aTJ1 _bSHA |
||
| 100 | _aSharma, P.C. | ||
| 245 | 1 | 0 |
_aPower plant engineering in SI units / _cP.C. Sharma. |
| 260 |
_aNew Delhi : _bS.K. Kataria and Sons, _c2008. |
||
| 300 | _a9th ed. | ||
| 300 |
_a730 p. : _bill. ; _c24 cm. |
||
| 500 | _aIncludes index. | ||
| 650 | 1 | _aEngineering. | |
| 907 |
_a.b10322292 _b19-11-12 _c02-11-12 |
||
| 003 | |||
| 005 | 20230123125503.0 | ||
| 040 | _cNUST | ||
| 942 |
_cBOOKS _kTJ1 _mSHA |
||
| 999 |
_c142377 _d142377 |
||